000 00637nam a2200181 i 4500
001 99788
003 ES-MaACL
005 20230906182544.0
007 t|
008 050915s1972 sp ||||1| spa d
100 1 _aMartínez Lozano, Sabino.
_978195
245 1 0 _aEn la cima del Monte Santo
_b: correspondencia espiritual entre el P. Lozano, O.P. y J. Pastor, C.P. /
_cSabino Martínez Lozano; [edición ...por el P. Arturo Alonso Lobo, O.P.].
260 _aSalamanca :
_bAnaya,
_c1972.
300 _a736 p. ;
_c22 cm.
700 1 _aAlonso Lobo, Arturo.
_920347
700 1 _aPastor, J.
_989477
852 _aES-MaACL
_jC-43759
_bR.83476
999 _c99788
_d99788